Catalog

Record Details

Catalog Search



Death and honor : Honor Bound  Cover Image Book Book

Death and honor : Honor Bound / W.E.B. Griffin and William E. Butterworth IV.

Summary:

The year is 1943, and Argentina is officially neutral, but crawling with every kind of spy, sympathizer, and military official imaginable. The hero is Cletus Frade, a Marine pilot recruited by the OSS, with strong family ties to Argentina, and a lot on his hands. OSS chief Wild Bill Donovan has asked him to set up his own official-but-really-OSS airline in Argentina, using "loaned" Lockheed Lodestars and Constellations. Of even more concern are two interwoven German operations: a government scheme for Jews outside the Fatherland to purchase the freedom of their relatives in concentration camps, who will then be transported to Argentina and Uruguay; and a plan called Operation Phoenix.

Record details

  • ISBN: 9780399154980 (hardcover)
  • ISBN: 0399154981 (hardcover)
  • Physical Description: 470 pages ; 24 cm.
  • Publisher: New York : G.P. Putnam's Sons, c2008.
Subject: United States. Marine Corps > Fiction.
World War, 1939-1945 > Fiction.
Genre: Historical fiction.
War stories.

Available copies

  • 1 of 1 copy available at scottsboropl.

Holds

  • 0 current holds with 1 total copy.
Show Only Available Copies
Location Call Number / Copy Notes Barcode Shelving Location Status Due Date
scottsboropl F Gri 32269000805765 Adult - Fiction Available -

LDR 01982pam a2200337 a 4500
001117766
003SBPL
00520221003212321.0
008080318s2008 nyu 000 1 eng d
010 . ‡a 2008012656
020 . ‡a9780399154980 (hardcover)
020 . ‡a0399154981 (hardcover)
035 . ‡a(CONS)117766
035 . ‡a(CPomAG)LMN316006
043 . ‡an-us---
05000. ‡aPS3557.R489137 ‡bD43 2008
08200. ‡a813/.54 ‡222
1001 . ‡aGriffin, W. E. B.
24510. ‡aDeath and honor : ‡bHonor Bound / ‡cW.E.B. Griffin and William E. Butterworth IV.
260 . ‡aNew York : ‡bG.P. Putnam's Sons, ‡cc2008.
300 . ‡a470 pages ; ‡c24 cm.
336 . ‡atext ‡btxt ‡2rdacontent
337 . ‡aunmediated ‡bn ‡2rdamedia
338 . ‡avolume ‡bnc ‡2rdacarrier
4901 . ‡aAn honor bound novel; ‡v[bk 4]
520 . ‡aThe year is 1943, and Argentina is officially neutral, but crawling with every kind of spy, sympathizer, and military official imaginable. The hero is Cletus Frade, a Marine pilot recruited by the OSS, with strong family ties to Argentina, and a lot on his hands. OSS chief Wild Bill Donovan has asked him to set up his own official-but-really-OSS airline in Argentina, using "loaned" Lockheed Lodestars and Constellations. Of even more concern are two interwoven German operations: a government scheme for Jews outside the Fatherland to purchase the freedom of their relatives in concentration camps, who will then be transported to Argentina and Uruguay; and a plan called Operation Phoenix.
61010. ‡aUnited States. ‡bMarine Corps ‡vFiction.
650 0. ‡aWorld War, 1939-1945 ‡vFiction.
655 7. ‡aHistorical fiction. ‡2lcgft
655 7. ‡aWar stories.
7001 . ‡aButterworth, W. E. ‡q(William Edmund), ‡d1929-
8001 . ‡aaGriffin, W.E.B. ‡tAn Honor Bound Novel ; ‡vbk 4.
901 . ‡a117766 ‡bUnknown ‡c117766 ‡tbiblio

Additional Resources